000 00675nam1a22002171i 4500
001 rc\2853411
005 20240726085741.0
035 _a(NLR Aleph) 007008157
090 _a5787511
_c5787511
100 _a20110706g19271928|||y0rusy50 ca
101 0 _arus
102 _aRU
105 _ay z |||||
200 1 _aСам себе мастер
_eПрикладная наука и техника
_fПод ред. А.У. Зеленко
210 _aМосква
_cРаботник просвещения
_d1927-1928
215 _d17х13 см
702 1 _aЗеленко
_bА.У.
_4340
801 0 _aRU
_bNLR
_gpsbo
801 1 _aRU
_bELAR
_2rusmarc
852 _aNLR
_j41/2313
942 _cBOOK